| 000 | 00795nam a2200241 i 4500 | ||
|---|---|---|---|
| 001 | 105606 | ||
| 003 | ES-MaACL | ||
| 005 | 20240515063055.0 | ||
| 007 | t| | ||
| 008 | 060727s1944 ag ||||1| spa d | ||
| 080 | _a316.343.652:32 | ||
| 100 | 1 |
_aAyala, Francisco, _d1906-2009 _924111 |
|
| 245 | 1 | 0 |
_aRazón del mundo _b: un examen de conciencia intelectual / _cFrancisco Ayala. |
| 260 |
_aBuenos Aires : _bLosada, _c[1944] |
||
| 300 |
_a174 p. ; _c21 cm. |
||
| 490 | 1 | _aCristal del tiempo | |
| 500 | _aBiblioteca Juan Andrade. | ||
| 650 | 4 |
_aIntelectuales- _xActividad política. _913849 |
|
| 830 | 0 |
_aCristal del tiempo _9185072 |
|
| 852 |
_aES-MaACL _jAND-409 _bR.109713 _q. - Ded. autógr. del autor |
||
| 852 |
_aES-MaACL _jD-6031 _bR.29428 |
||
| 999 |
_c105606 _d105606 |
||